| 000 | 00423nam a2200157Ia 4500 | ||
|---|---|---|---|
| 008 | 210716s1985 xx 000 0 und d | ||
| 020 | _a0814457924 | ||
| 041 | _aeng | ||
| 082 | _a658.4038 DIEJ | ||
| 100 | _aDiebold, John. | ||
| 245 | _aBusiness in the age of information. | ||
| 250 | _a1 | ||
| 260 |
_aNew York _bAmerican Management Association _c1985 |
||
| 300 | _axi,145 | ||
| 650 | _aManagement Information Systems | ||
| 999 |
_c199622 _d199622 |
||